Honey dews of economics in Thirukkural / (Record no. 20999)

MARC details
000 -LEADER
fixed length control field 00874nam a2200253 a 4500
005 - DATE AND TIME OF LATEST TRANSACTION
control field 20050315114734.0
008 - FIXED-LENGTH DATA ELEMENTS--GENERAL INFORMATION
fixed length control field 040820s2002 ii b 000 0 eng
010 ## - LCCN (DPL NO)
LC control number ENG-92508
020 ## - INTERNATIONAL STANDARD BOOK NUMBER
Terms of availability 75.00
International Standard Book Number 8184460155
035 ## - SYSTEM CONTROL NUMBER
System control number EN-76041
037 ## - SOURCE OF ACQUISITION
Source of stock number/acquisition DBAD / PUB
040 ## - CATALOGING SOURCE
Original cataloging agency dpl
Language of cataloging English
082 ## - DEWEY DECIMAL CLASSIFICATION NUMBER
Classification number 871
100 ## - MAIN ENTRY--PERSONAL NAME
Personal name Ramathal, K.M.
245 ## - TITLE STATEMENT
Title Honey dews of economics in Thirukkural /
Statement of responsibility, etc by K.M. Ramathal
260 ## - PUBLICATION, DISTRIBUTION, ETC. (IMPRINT)
Place of publication, distribution, etc Coimbatore
Name of publisher, distributor, etc Vijaya Pathippagam
Date of publication, distribution, etc 2006
300 ## - PHYSICAL DESCRIPTION
Extent 198p.
Dimensions 22 cm (pbk)
500 ## - GENERAL NOTE
General note Includes bibliographical references
600 ## - SUBJECT ADDED ENTRY--PERSONAL NAME
Personal name Tiruvaḷḷuvar. Tirukkur̲aḷ.
650 ## - SUBJECT ADDED ENTRY--TOPICAL TERM
Topical term or geographic name as entry element Literature and society.
650 ## - SUBJECT ADDED ENTRY--TOPICAL TERM
Topical term or geographic name as entry element Economics in literature.
942 ## - ADDED ENTRY ELEMENTS (KOHA)
Source of classification or shelving scheme Dewey Decimal Classification
Item type English Books
Call number suffix RAM
Classification part 871
Holdings
Withdrawn status Lost status Source of classification or shelving scheme Damaged status Not for loan Collection code Home library Current library Date acquired Source of acquisition Cost, normal purchase price Total Checkouts Full call number Barcode Date last seen Copy number Cost, replacement price Koha item type
    Dewey Decimal Classification   Not For Loan Non-fiction D.B.Act.Division D.B.Act.Division 14/01/2009 DBAD / PUB 75.00   871 RAM EN-76041 14/01/2009 1 75.00 English Books

© Delhi Public Library
Hit Counter
free hit counter